|
|
|
|
| LEADER |
00000cam a2200000 cc4500 |
| 001 |
1521631298 |
| 003 |
DE-627 |
| 005 |
20180730142052.0 |
| 007 |
tu |
| 008 |
151111s2015 fr ||||| 00| ||fre c |
| 020 |
|
|
|a 9782332914002
|c Broschur
|9 978-2-332-91400-2
|
| 035 |
|
|
|a (DE-627)1521631298
|
| 035 |
|
|
|a (DE-576)451631293
|
| 035 |
|
|
|a (DE-599)BSZ451631293
|
| 040 |
|
|
|a DE-627
|b ger
|c DE-627
|e rda
|
| 041 |
|
|
|a fre
|
| 044 |
|
|
|c XA-FR
|
| 100 |
1 |
|
|a Bennari, Latifa
|e VerfasserIn
|4 aut
|
| 245 |
1 |
0 |
|a Pédophiles, ex-auteurs et victimes
|n Tome 1
|p Méthode informelle, rencontres inédites
|c Latifa Bennari
|
| 264 |
|
1 |
|a Saint-Denis
|b Edilivre
|c [2015]
|
| 264 |
|
4 |
|c © 2015
|
| 300 |
|
|
|a 277 Seiten
|
| 336 |
|
|
|a Text
|b txt
|2 rdacontent
|
| 337 |
|
|
|a ohne Hilfsmittel zu benutzen
|b n
|2 rdamedia
|
| 338 |
|
|
|a Band
|b nc
|2 rdacarrier
|
| 490 |
0 |
|
|a Méthode Latifa
|
| 773 |
1 |
8 |
|a Pédophiles, ex-auteurs et victimes
|w (DE-627)1521628386
|w (DE-576)451628381
|g Tome 1
|q 1
|7 nnam
|
| 935 |
|
|
|a mkri
|
| 951 |
|
|
|a MV
|
| ELC |
|
|
|b 1
|
| LOK |
|
|
|0 000 xxxxxcx a22 zn 4500
|
| LOK |
|
|
|0 001 2872573135
|
| LOK |
|
|
|0 003 DE-627
|
| LOK |
|
|
|0 004 1521631298
|
| LOK |
|
|
|0 005 20161117162147
|
| LOK |
|
|
|0 008 151111||||||||||||||||ger|||||||
|
| LOK |
|
|
|0 040
|a DE-Frei85
|c DE-627
|d DE-Frei85
|
| LOK |
|
|
|0 852
|a DE-Frei85
|
| LOK |
|
|
|0 852 1
|m p
|9 00
|
| LOK |
|
|
|0 938
|k p
|
| LOK |
|
|
|0 939
|a 11-11-15
|b l01
|
| ORI |
|
|
|a SA-MARC-krimdoka001.raw
|